| 000 | 00511nam a22001817a 4500 | ||
|---|---|---|---|
| 003 | CEME | ||
| 005 | 20210628202618.0 | ||
| 008 | 210122b xxu||||| |||| 00| 0 eng d | ||
| 020 | _a0-471-49793-2 | ||
| 040 | _c. | ||
| 082 | _a621.3815 EVE | ||
| 100 |
_aEverard, Jeremy _960720 |
||
| 245 | _aFundamentals of rf circuit design with low noise oscillators | ||
| 260 |
_aNEW YORK _bJOHN WILEY _c2001 |
||
| 300 | _aXVII,292 P | ||
| 650 |
_aRF CIRCUIT DESIGN WITH LOW NOISE OSCILLATORS _960721 |
||
| 942 |
_cBK _2ddc |
||
| 999 |
_c570384 _d570384 |
||